000 00581cam a22002053a 4500
001 42381
003 PGUSA
005 20140828083947.0
008 130321s2013||||xxu|||||s|||||000 | eng d
040 _aPGUSA
_beng
042 _adc
100 1 _aMills, Enos Abijah,
_d1870-1922
245 1 0 _aWatched by Wild Animals
_h[electronic resource] /
_cEnos Abijah Mills
260 _bProject Gutenberg,
_c2013
506 _aPublic domain in the USA.
516 _aElectronic text
830 0 _aProject Gutenberg
_v42381
856 4 0 _uhttp://www.gutenberg.org/ebooks/42381
942 _cEB
999 _c271633
_d271633